Statistiques concernant Groupe de rock de A à Z

Cliquez ici pour prendre le quiz!

Statistiques générales

  • Ce quiz a été pris 1 158 fois
  • Le résultat moyen est 12 sur 26

Statistiques - réponses

LettreIndiceRéponse% Correct
OWonderwallOasis
89%
BHelpBeatles
88%
QMammaaaaaaaaa oooooooooohoohoohooooQueen
86%
SStill loving youScorpions
80%
CShould I stayClash
77%
ZLa GrangeZZ top
73%
AWaterlooABBA
72%
UIn the naaaaaaaame....of looooveU2
66%
DThis is the endDoors
55%
WBaba O'RileyWho
52%
NWith the lights out, it's less dangerousNirvana
50%
INumber of the BeastIron Maiden
47%
RMother's little helperRolling stones
39%
PDe dododo de dadadaPolice
38%
GJesus he knows meGenesis
37%
EWake me up insideEvanescence
28%
LThere's still time to change the road you're onLed Zeppelin
27%
FJust a yellow lemon treeFool's Garden
26%
KFreak on a leashKorn
26%
JBlame it on the boogieJackson Five
24%
VSuuuuunday morning.....Velvet Underground
24%
HThe reasonHoobastank
23%
TSuch a shameTalk Talk
21%
YEric Clapton - Jeff Beck - Jimmy PageYardbirds
19%
MNight in white satinMoody Blues
18%
X--
13%

Distribution des résultats

Percentile par nombre de réponses

% des personnes avec chaque résultat

Votre développement - résultats

Vous n’avez pas pris ce quiz